| 000 | 01550nam2a2200265 4500 | ||
|---|---|---|---|
| 001 | rc\3022118 | ||
| 005 | 20260315064722.0 | ||
| 035 | _a(NLR Aleph) 007163984 | ||
| 090 |
_a13619358 _c13619358 |
||
| 100 | _a20110928d1944 u y0rusy50 ca | ||
| 101 | 0 | _arus | |
| 102 | _aRU | ||
| 105 | _ay z ||||| | ||
| 200 | 1 |
_a(1943 год) _hЧ. I _i(Январь-июнь) _fСост. А. Рош и А. Грахов |
|
| 210 | _d1944 | ||
| 215 | _a252 с. | ||
| 300 | _aВып. I и II выходили под загл.: Международные документы Великой Отечественной войны | ||
| 461 | 0 |
_1001rc\3022117 _12001#$aМеждународные документы периода Великой Отечественной войны$fВысшие всеармейские воен.-полит. курсы Глав-ПУРККА. Кафедра истории междунар. отношений и внешней политики СССР$vВып. 3 _97277782 _cМосква _d1944-1945 _fВысшие всеармейские воен.-полит. курсы Глав-ПУРККА. Кафедра истории междунар. отношений и внешней политики СССР _nБ. и. _tМеждународные документы периода Великой Отечественной войны _vВып. 3 |
|
| 702 | 1 |
_aРош _bА. _4220 |
|
| 702 | 1 |
_aГрахов _bА. _4220 |
|
| 801 | 0 |
_aRU _bNLR _gpsbo |
|
| 801 | 1 |
_aRU _bELAR _2rusmarc |
|
| 852 |
_aNLR _jИ24 Г-1/5 |
||
| 942 | _cUNSPEC | ||
| 980 | _aNB | ||